LEADER 00944nam0-22003371i-450- 001 990003101990403321 010 $a674-45435-9 035 $a000310199 035 $aFED01000310199 035 $a(Aleph)000310199FED01 035 $a000310199 100 $a20000920d1971----km-y0itay50------ba 101 0 $aENG 102 $aIT 200 1 $aInformation Technology in a Democracy$fEdited by Alan F. Westin. 210 $aCambridge$dMass.$cHarvard University Press$d1971. 215 $ax, 499 p.$d25 cm 225 1 $aHarvard Studies in Technology and Society 610 0 $aDemocrazia 610 0 $aTecnologia$aAspetti sociali 676 $a17420 676 $a19240 702 1$aWestin,$bAlan F. 801 0$aIT$bUNINA$gRICA$2UNIMARC 901 $aBK 912 $a990003101990403321 952 $a17420 WES$b4402/I$fSES 959 $aSES 996 $aInformation Technology in a Democracy$9462032 997 $aUNINA DB $aING01 LEADER 01261nam2-2200385li-450 001 990000231270203316 005 20180312154751.0 010 $a0-8247-8643-2 035 $a0023127 035 $aUSA010023127 035 $a(ALEPH)000023127USA01 035 $a0023127 100 $a2001998101992-------y0itay0103----ba 101 0 $aeng 102 $aUS 200 1 $a<> introduction to functional analysis$fCharles Swartz 210 $aNew York$cMarcel Dekker$dcopyr. 1992 215 $aXI, 600 p.$cill.$d23 cm 225 2 $aa series of monographs and textbooks$v157 410 0$10010023065$12001$aa series of monographs and textbooks$vPure and applied mathematics 610 1 $aanalisi funzionale 676 $a5157$9Analisi funzionale 700 1$aSwartz,$bCharles$054079 801 $aSistema bibliotecario di Ateneo dell' Università di Salerno$gRICA 912 $a990000231270203316 951 $a515 PAMD (157)$b22477/CBS$c515$d00220506 959 $aBK 969 $aSCI 979 $c19981001 979 $c20001110$lUSA01$h1714 979 $c20020403$lUSA01$h1631 979 $aPATRY$b90$c20040406$lUSA01$h1617 979 $aRSIAV7$b90$c20090513$lUSA01$h1408 996 $aIntroduction to functional analysis$982150 997 $aUNISA